Europäische Flaggen ohne Schwarz oder Weiß - Statistiken

Allgemein
  • Dieses Quiz wurde 81 mal gespielt
  • Das Durchschnittsergebnis liegt bei 9 aus 12
Antwortstatistiken
Antwort % Korrekt
Spanien
96%
Ukraine
90%
Schweden
88%
Litauen
86%
Andorra
84%
Rumänien
82%
Nordmazedonien
78%
Montenegro
77%
Liechtenstein
75%
Moldawien
70%
Belgien
23%
Kasachstan
4%
Keine übereinstimmenden Quizze gefunden
Verteilung der Resultate
Anzahl Personen mit jedem Resultat
Perzentil nach korrekt beantworteten Fragen
Ihre Resultats-Entwicklung
Sie haben dieses Quiz noch nicht gespielt